000
00252nam a22001217a 4500
008
181025b xxu||||| |||| 00| 0 eng d
041
_a
eng
080
_a
330
100
_a
58
101
_a
BUS
245
_a
Business Ethics
_c
Rath.D
942
_2
udc
_c
BK
999
_c
50910
_d
50910